000 00597nam a22001697a 4500
005 20231113062022.0
008 231113b |||||||| |||| 00| 0 eng d
020 _a0409057940
041 _aEnglish
082 _a346.1 BOS
100 _aBosman-Swanepoel, H; Fick, F and Strydom, N
_lEnglish
245 _aCustody and visitation disputes :
_bA practical guide /
_cH Bosman-Swanepoel, H Fick and N Strydom
260 _aDurban :
_bButterworth Publishers (Pty) Ltd,
_c1998
300 _bxii, 149 pages ;
_c25 cm.
650 _aLegal practice
_bLaw
942 _cBK
_6ALISON_BN_VRIES
999 _c535
_d535